Účtovný pohľad na špecifiká poľnohospodárskeho odvetvia diplomová práca

Uložené v:
Podrobná bibliografia
Hlavný autor: Hucíková, Petra
Korporativný autor: Fakulta hospodárskej informatiky EU. Katedra účtovníctva a audítorstva
Ďalší autori: Surový, Vladimír
Médium: Kniha
Jazyk:Slovak
Vydavateľské údaje: Bratislava 2015
Tagy: Pridať tag
Žiadne tagy, Buďte prvý, kto otaguje tento záznam!

MARC

LEADER 00000nbm a2200000 4500
001 0203619
005 20161212113617.9
041 0 |a slo 
044 |a SK 
245 1 0 |a Účtovný pohľad na špecifiká poľnohospodárskeho odvetvia  |b diplomová práca  |c Petra Hucíková ; školiteľ: Vladimír Surový 
264 1 |a Bratislava  |c 2015 
300 |a 83 s. 
100 1 |a Hucíková, Petra 
700 1 |a Surový, Vladimír 
710 2 |a Fakulta hospodárskej informatiky EU. Katedra účtovníctva a audítorstva